<?xml version="1.0" encoding="UTF-8"?><?xml-stylesheet type="text/xsl" href="static/style.xsl"?><OAI-PMH xmlns="http://www.openarchives.org/OAI/2.0/" xmlns:xsi="http://www.w3.org/2001/XMLSchema-instance" xsi:schemaLocation="http://www.openarchives.org/OAI/2.0/ http://www.openarchives.org/OAI/2.0/OAI-PMH.xsd"><responseDate>2026-04-19T04:05:27Z</responseDate><request verb="GetRecord" identifier="oai:riubu.ubu.es:10259/4571" metadataPrefix="marc">https://riubu.ubu.es/oai/request</request><GetRecord><record><header><identifier>oai:riubu.ubu.es:10259/4571</identifier><datestamp>2022-04-26T11:42:12Z</datestamp><setSpec>com_10259_2699</setSpec><setSpec>col_10259_2705</setSpec></header><metadata><record xmlns="http://www.loc.gov/MARC21/slim" xmlns:doc="http://www.lyncode.com/xoai" xmlns:xsi="http://www.w3.org/2001/XMLSchema-instance" xmlns:dcterms="http://purl.org/dc/terms/" xsi:schemaLocation="http://www.loc.gov/MARC21/slim http://www.loc.gov/standards/marcxml/schema/MARC21slim.xsd">
<leader>00925njm 22002777a 4500</leader>
<datafield tag="042" ind1=" " ind2=" ">
<subfield code="a">dc</subfield>
</datafield>
<datafield tag="720" ind1=" " ind2=" ">
<subfield code="a">Arce García, Sergio Enrique</subfield>
<subfield code="e">author</subfield>
</datafield>
<datafield tag="260" ind1=" " ind2=" ">
<subfield code="c">2017</subfield>
</datafield>
<datafield tag="520" ind1=" " ind2=" ">
<subfield code="a">Tras la entrada en vigor de la Ley 31/1995 de Prevención de Riesgos Laborales en España, se introdujo en los trabajos la prevención antes que la curación. Esta tesis analiza el impacto en la sociedad, a través de sus diarios principales de prensa escrita por difusión en sus ediciones nacionales (El País, El Mundo, La Vanguardia y ABC), desde 1994 hasta el año 2014. &#xd;
A través del análisis cuantitativo y estadístico se han analizado todas las inserciones periodísticas y su manejo de la Agenda Setting sobre el tema. Posteriormente se realizó un estudio a través de la teoría del Framing o encuadre sobre dos casos concretos y los géneros de opinión. Se pudo comprobar que la legislación no hizo variar significativamente el tratamiento que prima el dolor y la muerte, aunque se aprecian diferencias entre los diarios. A partir de 2007 la atención a la siniestralidad laboral desciende significativamente.</subfield>
</datafield>
<datafield tag="024" ind2=" " ind1="8">
<subfield code="a">http://hdl.handle.net/10259/4571</subfield>
</datafield>
<datafield tag="024" ind2=" " ind1="8">
<subfield code="a">10.36443/10259/4571</subfield>
</datafield>
<datafield ind1=" " ind2=" " tag="653">
<subfield code="a">prevención</subfield>
</datafield>
<datafield ind1=" " ind2=" " tag="653">
<subfield code="a">siniestralidad</subfield>
</datafield>
<datafield ind1=" " ind2=" " tag="653">
<subfield code="a">framing</subfield>
</datafield>
<datafield ind1=" " ind2=" " tag="653">
<subfield code="a">agenda-setting</subfield>
</datafield>
<datafield ind1=" " ind2=" " tag="653">
<subfield code="a">prensa</subfield>
</datafield>
<datafield ind1=" " ind2=" " tag="653">
<subfield code="a">safety</subfield>
</datafield>
<datafield ind1=" " ind2=" " tag="653">
<subfield code="a">accident</subfield>
</datafield>
<datafield ind1=" " ind2=" " tag="653">
<subfield code="a">framing</subfield>
</datafield>
<datafield ind1=" " ind2=" " tag="653">
<subfield code="a">agenda-setting</subfield>
</datafield>
<datafield ind1=" " ind2=" " tag="653">
<subfield code="a">press</subfield>
</datafield>
<datafield tag="245" ind1="0" ind2="0">
<subfield code="a">La prevención de riesgos laborales y la accidentalidad laboral en la prensa española: representación y cobertura a partir de la Ley 31/1995 de Prevención de Riesgos Laborales (1994-2014)</subfield>
</datafield>
</record></metadata></record></GetRecord></OAI-PMH>